Statistics for Locating the Countries of the World on a Map

Click here to take the quiz!

General Stats

  • This quiz has been taken 990 times
    (833 since last reset)
  • The average score is 26 of 50

Answers on the Map

Answers color-coded by a green-red scale on the quiz's map according to % correct below.
 

Answer Stats

Answer% Correct
USA
79%
Morocco
78%
China
75%
Australia
73%
Germany
72%
Argentina
71%
Croatia
71%
Afghanistan
70%
Estonia
69%
Malta
69%
North Korea
69%
Switzerland
69%
Canada
68%
Norway
68%
Sri Lanka
68%
Brazil
67%
Finland
67%
India
67%
Latvia
67%
South Africa
67%
South Korea
67%
Ukraine
67%
United Kingdom
67%
Belgium
65%
Greece
65%
Indonesia
65%
Italy
65%
Lithuania
65%
Uruguay
65%
Bahamas
64%
Bolivia
64%
Chad
64%
Mexico
64%
Nepal
64%
Oman
64%
Algeria
63%
Ireland
63%
Netherlands
63%
Poland
63%
Somalia
63%
Cambodia
62%
Côte d'Ivoire
62%
Hungary
62%
Iran
62%
Japan
62%
Mali
62%
Seychelles
62%
Kosovo
61%
Laos
61%
Malaysia
61%
Portugal
61%
Romania
61%
Belarus
60%
Egypt
60%
Iceland
60%
Iraq
60%
Mongolia
60%
Myanmar
60%
Sweden
60%
Austria
59%
Pakistan
59%
Cabo Verde
58%
Papua New Guinea
58%
Angola
57%
Cameroon
57%
Chile
57%
Cyprus
57%
New Zealand
57%
North Macedonia
57%
Suriname
57%
Turkey
57%
Turkmenistan
57%
Kazakhstan
56%
Niger
56%
Panama
56%
Senegal
56%
Serbia
56%
Vietnam
56%
Albania
55%
Bhutan
55%
Equatorial Guinea
55%
Nicaragua
55%
Philippines
55%
Saudi Arabia
55%
Thailand
55%
Burkina Faso
54%
Central African Republic
54%
Jamaica
54%
Nigeria
54%
Slovenia
54%
Venezuela
54%
Colombia
53%
Czechia
53%
Eswatini
53%
Georgia
53%
Maldives
53%
Micronesia
53%
Paraguay
53%
Russia
53%
South Sudan
53%
Tunisia
53%
Bangladesh
52%
Ecuador
52%
Madagascar
52%
Namibia
52%
São Tomé and Príncipe
52%
Guinea-Bissau
51%
Kenya
51%
Mozambique
51%
United Arab Emirates
51%
Yemen
51%
Bulgaria
50%
Burundi
50%
Cuba
50%
France
50%
Sierra Leone
50%
Tajikistan
50%
Zimbabwe
50%
Bosnia and Herzegovina
49%
Denmark
49%
Lebanon
49%
Mauritius
49%
Syria
49%
Dominican Republic
48%
El Salvador
48%
Kuwait
48%
Lesotho
48%
Slovakia
48%
Uganda
48%
Armenia
47%
Belize
47%
Djibouti
47%
Eritrea
47%
Guatemala
47%
Montenegro
47%
Palau
47%
Peru
47%
Rwanda
47%
Sudan
47%
Tanzania
47%
Azerbaijan
46%
Ethiopia
46%
Mauritania
46%
Uzbekistan
46%
Guyana
45%
Togo
45%
Haiti
44%
Honduras
44%
Jordan
44%
Kyrgyzstan
44%
Moldova
44%
Republic of the Congo
44%
Solomon Islands
44%
Spain
44%
Botswana
43%
Democratic Republic of the Congo
43%
Ghana
43%
Comoros
42%
Costa Rica
42%
Timor-Leste
42%
Malawi
41%
Taiwan
40%
Guinea
39%
Marshall Islands
39%
Fiji
38%
Israel
37%
Andorra
36%
Luxembourg
36%
Nauru
36%
Gabon
35%
Tuvalu
35%
Kiribati
34%
Tonga
34%
Zambia
34%
Qatar
33%
Benin
31%
Gambia
31%
Vanuatu
29%
Grenada
28%
Brunei
24%
Trinidad and Tobago
24%
Monaco
21%
San Marino
21%
Liberia
20%
Liechtenstein
18%
Barbados
16%
Dominica
16%
Samoa
16%
St Kitts and Nevis
14%
Bahrain
13%
Antigua and Barbuda
10%
Singapore
9%
Vatican City
9%
St Vincent and the Grenadines
7%
St Lucia
4%

Score Distribution

Percentile by Number Answered

Percent of People with Each Score

Your Score History

You have not taken this quiz since the last reset